Datum a čas kvízu
36
Celkem bodů
Celkový počet nahraných bodů na tomto kvízu bez doplňovacích otázek.
2.
Pořadí na kvízu
Konečné umístění týmu na tomto kvízu.
Zaznamenané odpovědi
| # | Otázka | Odpověď | Body | Výsledky |
|---|---|---|---|---|
| 1. | V úterý jsme se dozvěděli, že... | Lidové noviny | 1 | |
| 2. | Jedné 92leté ženě trpící Alzhe... | v Číně | 0 | |
| 3. | Na čtvrté místo stovky nejhorš... | C) chlebová polévka | 0 | |
| 4. | Česká obchodní inspekce minulý... | Penny Market | 1 | |
| 5. | U jednoho umělého jezera byla... | u Mostu | 1 | |
| 6. | Na hudební téma Přátelství z m... | v 18. století | 0 | |
| 7. | Ve které filmové sérii se obje... | Toy Story: Příběh hraček | 1 | |
| 8. | Zprovoznění sociální sítě Face... | B | 0 | |
| 9. | Kterým slovem na F označují če... | frazém | 0 | |
| 10. | Huckleberry Finn je jednou ze... | Mark Twain, Dobrodružství Toma Sawyera | 1 |